01123nam a2200301 i 4500003000900000005001700009008004100026020001500067020001800082040004300100082002100143100004400164245006300208264003900271300002300310336002600333337002800359338002700387500002000414600005300434651006200487651006500549653001500614655001700629942001200646999001700658952014600675EG-ScBUE20240310103701.0120813s1837 stk f 001 0ceng d a1142745511 a9781142745516 aEG-ScBUEbengerdacEG-ScBUEdEG-ScBUE04222a941.082bTYT1 930827aTytler, Patrick Fraser,eauthor.10aLife of King Henry the eighth /cby Patrick Fraser Tytler. 1aEdinburgh :bOliver & Boyd,c1837. a470 pages ;c24 cm 2rdacontentatextbtxt aunmediated2rdamediabn avolumebnc2rdacarrier aIncludes index.07930828aHenrycKing of Englandd1491-1547.2BUEsh 7930465aGreat BritainxKings and rulersvBiography.2BUEsh 7930829aGreat BritainxHistoryyHenry VIII, 1509-1547.2BUEsh cAugust2012 vReading book 2ddccBB c16940d16940 00102ddc40708BaccahaMAINbMAINc2NDd2012-08-13ePurchaseg224.00h15359l0o941.082 TYTp000027061r2025-07-15 00:00:00w2012-08-13yBB